Scandinavia stamp exhibition : (Record no. 2114)

000 -LEADER
fixed length control field 00570nam a2200145 a 4500
008 - FIXED-LENGTH DATA ELEMENTS--GENERAL INFORMATION
fixed length control field 940722s1950 pau c 000 0 eng d
100 ## - MAIN ENTRY--AUTHOR'S NAME
Author's Name National Philatelic Museum
245 10 - TITLE STATEMENT
Title Scandinavia stamp exhibition :
Remainder of title featuring freedom centennial, Virgin Islands.
260 ## - PUBLICATION, DISTRIBUTION, ETC. (IMPRINT)
Place of publication, distribution, etc. [Philadelphia] :
Name of publisher, distributor, etc. National Philatelic Museum,
Date of publication, distribution, etc. [1950]
490 0# - SERIES STATEMENT
Series statement Official bulletin / National Philatelic Museum ;
Volume/sequential designation v. 1, no. 12
500 ## - GENERAL NOTE
General note Cover title.
650 #0 - TOPICAL TERM (Tag)
Topical term or geographic name Postage stamps
Geographic subdivision Scandinavia
650 #0 - TOPICAL TERM (Tag)
Topical term or geographic name Postage stamps
Geographic subdivision Virgin Islands of the United States
Holdings
Withdrawn status Lost status Source of classification or shelving scheme Damaged status Koha normalized classification for sorting Not for loan Collection code Permanent Location Current Location Shelving location Date acquired Total Checkouts Full call number Barcode Date last seen Price effective from Koha item type
        P3200 A11 N27774     Northern Philatelic Library Northern Philatelic Library Bound Periodicals 11/19/2016   P3200 A11 N27774 1002452 11/19/2016 11/19/2016 Periodicals

Powered by Koha